Facultad de Derecho – Universidad Nacional de Mar del Plata

Manual de introduccion al derecho (Record no. 55)

MARC details
000 -LEADER
fixed length control field 00684cam a22002417a 4500
001 - CONTROL NUMBER
control field 000056
003 - CONTROL NUMBER IDENTIFIER
control field armpunfd
005 - DATE AND TIME OF LATEST TRANSACTION
control field 20140612090557.0
008 - FIXED-LENGTH DATA ELEMENTS--GENERAL INFORMATION
fixed length control field 011019e1983####xx#a##########000#0#und#d
040 ## - CATALOGING SOURCE
Original cataloging agency armpunfd
Transcribing agency armpunfd
080 ## - UNIVERSAL DECIMAL CLASSIFICATION NUMBER
Universal Decimal Classification number 340 T 636
100 10 - MAIN ENTRY--PERSONAL NAME
Personal name Torres Lacroze, Federico A.
245 10 - TITLE STATEMENT
Title Manual de introduccion al derecho
260 ## - PUBLICATION, DISTRIBUTION, ETC. (IMPRINT)
Place of publication, distribution, etc Buenos Aires
Name of publisher, distributor, etc Abeledo- Perrot
Date of publication, distribution, etc IMPR. DE 1983
300 ## - PHYSICAL DESCRIPTION
Extent 606 p.
650 #7 - SUBJECT ADDED ENTRY--TOPICAL TERM
Topical term or geographic name as entry element Derecho
General subdivision Argentina
Source of heading or term LEMB
650 #7 - SUBJECT ADDED ENTRY--TOPICAL TERM
Topical term or geographic name as entry element Derecho
General subdivision Introduccion
Source of heading or term LEMB
700 10 - ADDED ENTRY--PERSONAL NAME
Personal name Martin, Guillermo Patricio
942 ## - ADDED ENTRY ELEMENTS (KOHA)
Koha item type LIBRO
Source of classification or shelving scheme
945 ## - LOCAL PROCESSING INFORMATION (OCLC)
a Catalis
d 2010-08-19
945 ## - LOCAL PROCESSING INFORMATION (OCLC)
a Catalis
d 2010-08-19
945 ## - LOCAL PROCESSING INFORMATION (OCLC)
a Catalis
d 2010-08-19
Holdings
Withdrawn status Lost status Source of classification or shelving scheme Damaged status Not for loan Home library Current library Shelving location Date acquired Serial Enumeration / chronology Total Checkouts Full call number Barcode Date last seen Date checked out Price effective from Koha item type Inventory number
          Bib. Derecho Bib. Derecho Sector Prestamo 12/06/2014 EJ.5 1 340 T 636 102499 08/03/2016 04/03/2016 12/06/2014 LIBRO  
          Bib. Derecho Bib. Derecho Sector Prestamo 12/06/2014     340 T 636 102579 12/06/2014   12/06/2014 LIBRO  
          Bib. Derecho Bib. Derecho Sector Prestamo 12/06/2014     340 T 636 102580 12/06/2014   12/06/2014 LIBRO  
          Bib. Derecho Bib. Derecho Sector Prestamo 08/10/2014     340 T 636 29054 08/10/2014   08/10/2014 LIBRO 29054

XHTML | CSS | ©Biblioteca Central - Dto. Tecnología de la Información - [ Con tecnología Koha ]